00491nam a22001457a 450000500170000000800410001702000150005804100130007308200130008610000580009924500760015726000540023330000330028765000250032020231027103234.0231027b |||||||| |||| 00| 0 eng d a0409060879 aEnglish  a657 DUP  aDu Plooy, SM, Gilliland U and van Rooyen JPlEnglish  aAccounting for Attorneys /cSM Du Plooy, U Gilliland and JP van Rooyen  aDurban:bButterworth Publishers (Pty) Ltd, c1997 bvii, 265 pages ; c22, 7 cm. aLegal practice bLaw